| 000 | 00934cam a22002775a 4500 | ||
|---|---|---|---|
| 001 | 1615093 | ||
| 005 | 20201128024221.0 | ||
| 008 | 950404s1996 enka frb f001 0 eng d | ||
| 020 | _a9780521559256 | ||
| 020 | _a0521559251 | ||
| 040 |
_aDLC _cDLC _dDLC _dEG-ScBUE _beng |
||
| 041 | 1 |
_aeng _hger |
|
| 082 | 0 | 4 |
_a669.9 _222 _bHAA |
| 100 | 1 |
_aHaasen, P. _q(Peter) |
|
| 240 | 1 | 0 |
_aPhysikalische Metallkunde. _lEnglish |
| 245 | 1 | 0 |
_aPhysical metallurgy / _cPeter Haasen ; translated by Janet Mordike. |
| 250 | _a3rd end., rev. ed. | ||
| 260 |
_aCambridge ; _aNew York : _bCambridge University Press, _c1997. |
||
| 300 |
_axv, 420 p. : _bill. ; _c24 cm. |
||
| 504 | _aIncludes bibliographical references and index. | ||
| 546 | _aText in English ; translated from German. | ||
| 650 | 7 |
_aPhysical metallurgy. _2BUEsh _92614 |
|
| 653 |
_bENGELC _bGGEN _cJanuary2018 _cFebruary2018 |
||
| 700 | 1 |
_aMordike, Janet, _etranslator. |
|
| 942 | _2ddc | ||
| 999 |
_c25857 _d25829 |
||